Normal view MARC view
  • Miller, Arthur,

Entry Personal Name

Number of records used in: 2

001 - CONTROL NUMBER

  • control field: 153690

003 - CONTROL NUMBER IDENTIFIER

  • control field: DLC

005 - DATE AND TIME OF LATEST TRANSACTION

  • control field: 20260415160404.0

008 - FIXED-LENGTH DATA ELEMENTS

  • fixed length control field: 160726n| azannaabn |n aaa c

010 ## - LIBRARY OF CONGRESS CONTROL NUMBER

  • LC control number: no2016098665

035 ## - SYSTEM CONTROL NUMBER

  • System control number: (OCoLC)oca10535406

040 ## - CATALOGING SOURCE

  • Original cataloging agency: PPD
  • Language of cataloging: eng
  • Description conventions: rda
  • Transcribing agency: PPD
  • Modifying agency: DLC

046 ## - SPECIAL CODED DATES

  • Beginning or single date created: 1953-01-22
  • Source of date scheme: edtf

100 1# - HEADING--PERSONAL NAME

  • Personal name: Miller, Arthur,
  • Dates associated with a name: 1915-2005.
  • Title of a work: Crucible

380 ## - FORM OF WORK

  • Form of work: Drama
  • Source of term: lcgft

670 ## - SOURCE DATA FOUND

  • Source citation: Fresh Air with Terry Gross, November 25, 1987
  • Information found: (Interview with Arthur Miller ; his plays include..."The Crucible")

670 ## - SOURCE DATA FOUND

  • Source citation: Wikipedia, accessed June 27, 2016
  • Information found: (The Crucible is a 1953 play by American playwright Arthur Miller; Date premiered January 22, 1953)
  • Uniform Resource Identifier: https://en.wikipedia.org/wiki/The_Crucible
Devinim Yazılım Eğitim Danışmanlık tarafından Koha'nın orjinal sürümü uyarlanarak geliştirilip kurulmuştur.